Metros of the Russian Empires Quiz Stats

 Plays Quiz not verified by Sporcle

Challenge
Share
Tweet
Embed
Score 0/30 Timer 07:00
0 Plays Today
Ranking Metropolitan Area % Correct
1.Moscow, Russia
99.4%
2.Saint Petersburg, Russia
97.8%
3.Kiev, Ukraine
94.4%
6.Minsk, Belarus
84.7%
7.Baku, Azerbaijan
75.3%
4.Tashkent, Uzbekistan
71.3%
5.Warsaw, Poland
67.8%
26.Riga, Latvia
67.8%
23.Almaty, Kazakhstan
67.2%
11.Kharkiv, Ukraine
66.6%
22.Yerevan, Armenia
62.2%
8.Donetsk, Ukraine
61.6%
17.Volgograd, Russia
61.3%
14.Tbilisi, Georgia
60%
18.Helsinki, Finland
59.4%
Ranking Metropolitan Area % Correct
10.Nizhny Novgorod, Russia
57.8%
12.Odessa, Ukraine
57.8%
15.Novosibirsk, Russia
56.6%
16.Kazan, Russia
56.6%
24.Rostov-on-Don, Russia
55%
19.Yekaterinburg, Russia
54.7%
20.Samara, Russia
52.8%
13.Lviv, Ukraine
50.9%
27.Chelyabinsk, Russia
49.4%
25.Omsk, Russia
47.8%
9.Dnipropetrovsk, Ukraine
46.6%
21.Bishkek, Kyrgyzstan
45%
29.Ufa, Russia
42.5%
28.Saratov, Russia
34.7%
30.Kryvyi Rih, Ukraine
11.9%

You're not logged in!

Compare scores with friends on all Sporcle quizzes.
Join for Free
OR
Log In

You Might Also Like...

Show Comments

Extras

Top Quizzes Today


Score Distribution

Your Account Isn't Verified!

In order to create a playlist on Sporcle, you need to verify the email address you used during registration. Go to your Sporcle Settings to finish the process.

Report this User

Report this user for behavior that violates our Community Guidelines.

Details: